00482nam a2200133Ia 4500008004100000100001500041245009200056245004500148260005300193260001800246300000800264650001500272856006100287170221s9999 xx 000 0 und d aAbu H Ayob aBuying Local or Imported Goods? Profiling Non-income Consumers in Developing Countries  cAbu H Ayob, Wan Mohd Hirwani Wan Hussain bInternational Review of Management and Marketing cFebruary 2015 a4:1 xMarketing. uhttp://www.econjournals.com/index.php/irmm/issue/view/88